000 00560nam a2200205 u 4500
005 20240924071140.0
008 131007s2011 r 000 0 eng d
020 _a9788444146959
035 _aUPN01000193563
049 _aCG
050 4 _aPQ6668 E2.2
_bL3.7
100 1 _aRebaque, Felicitas,
_d1955-
_934408
245 1 3 _aEl latido del agua /
_cFelicitas Rebaque.
260 _aLeón, Esp. :
_bEverest,
_c2011.
300 _a171, [5] p.
650 4 _aLiteratura española
_95069
650 4 _aAmor
_vNovela
_9397
905 _aLibro
999 _c165664
_d165664